| 000 | 01238nas a2200421 4500 | ||
|---|---|---|---|
| 001 | BR0701469 | ||
| 003 | BR-BrBNA | ||
| 005 | 20231205110647.0 | ||
| 007 | ta | ||
| 008 | 230509b bl.|||p| |||| 00| 00por d | ||
| 040 |
_aBR-BrBNA _bpor _cBiblioteca Nacional de Agricultura |
||
| 041 | _a(Pt) | ||
| 072 | _aL40 | ||
| 100 | 1 | _aMadeira, L.A. | |
| 100 | 1 | _aSartori, J.R. | |
| 100 | 1 | _aSaldanha, E.S.P.B. | |
| 100 | 1 | _aPizzolante, C.C. | |
| 100 | 1 | _aSilva, M.D.P. | |
| 100 | 1 | _aMendes, A.A, | |
| 100 | 1 | _aTakahashi, S.E. | |
| 100 | 1 | _aSolarte, W.V.N. | |
| 245 | 1 | _aMorfologia das fibras musculares esqueléticas de frangos de corte de diferentes linhagens criados em sistemas de confinamento e semiconfinamento | |
| 650 | _aFRANGO DE CORTE | ||
| 650 | _aINTERAÇÃO GENÉTICA | ||
| 650 | _aLINHAGEM | ||
| 650 | _aCRIAÇÃO | ||
| 650 | _aSEXO | ||
| 650 | _aPESO | ||
| 650 | _aCARCAÇA | ||
| 650 | _aRENDIMENTO | ||
| 650 | _aFIBRA | ||
| 650 | _aCONFINAMENTO | ||
| 650 | _aMÚSCULO | ||
| 650 | _aMORFOLOGIA ANIMAL | ||
| 773 | 0 |
_tRevista Brasileira de Zootecnia (Brazil) _xISSN 1516-3598 _g(Nov-Dec 2006), v. 35(6) p. 2322-2332 _wBR0701469 |
|
| 909 |
_a202311 _bLúcia _c55 _dLúcia Elande |
||
| 942 |
_2AGRIS _n0 _cANA |
||
| 999 |
_c188416 _d188416 |
||